• 首页
  • 本馆介绍
  • 公告通知
  • 最新文献
  • 馆藏检索
  • 电子资源
  • 读者导购
  • 参考咨询
  • 我的图书馆
  • 登录
  • 详细信息显示
  • 放入我的书架
  • 预约/预借图书
  • 作者相关作品
  • 分类相关作品
  • 丛书相关作品
  • 出版社相关作品

书目信息

  • 表格格式
  • 工作单格式
  • 卡片格式
题名:
水球运动技术与战术
    
 
作者: 柯蒂诺 , 布菜德苏 著 ;蒋金日 , 张春木 译
分册:  
出版信息: 北京   人民体育出版社  1983
页数: 212页
开本: 19cm
丛书名:
单 册:
中图分类: G861.3
科图分类:
主题词: 水上运动 , 雪上运动 , 冰上运动
电子资源:
ISBN:
000 00934nam0 2200289 45
001 0183010930
005 20060519085119.14
010    @dCNY0.84
091    @a7015.2115
100    @a19950721d1983 k y0chiy0121 ea
101 1  @achi@ceng
102    @aCN@b110000
105    @ay 000yy
200 10 @a水球运动技术与战术@Ashui qiu yun dong ji shu yu zhan shu@f(美)彼得·J·柯蒂诺,丹尼斯·R·布菜德苏著@F(mei)bi de·J·ke di nuo,dan ni si·R·bu cai de su zhu@g蒋金日,张春木译@Gjiang jin ri,zhang chun mu yi
210    @a北京@c人民体育出版社@d1983
215    @a212页@d19cm
606 0  @a水上运动
606 0  @a雪上运动
606 0  @a冰上运动
690    @aG861.3
701  0 @a柯蒂诺@Ake di nuo@4著
701  0 @a布菜德苏@Abu cai de su@4著
702  0 @a蒋金日@Ajiang jin ri@4译
702  0 @a张春木@Azhang chun mu@4译
801  2 @aCN@bNLC@c20060519
801  0 @aCN@b上海图书馆@c20040507
905    @f2@b137516-517@dG861.3@e5
    
    水球运动技术与战术/(美)彼得·J·柯蒂诺,丹尼斯·R·布菜德苏著/蒋金日,张春木译.-北京:人民体育出版社,1983
    212页;19cm
    
    
    ISBN :CNY0.84
    
●
相关链接 在E读中查询图书 在五车中查询图书 在当当中查询图书 在豆瓣中查询图书


正题名:水球运动技术与战术     索取号:G861.3/5         预约/预借

序号 登录号 条形码 馆藏地/架位号 状态 备注
1 0137516   000990280   密集书库/ [索取号:G861.3/5] 在馆    
2 0137517   000990271   密集书库/ [索取号:G861.3/5] 在馆    
3 0137518   202363995   密集书库/ [索取号:G861.3/5] 在馆    
唐山师范学院图书馆 欢迎您!
大连网信软件有限公司© 版权所有